000
00299nam a22001337a 4500
008
181106b xxu||||| |||| 00| 0 eng d
020
_a
9780131179837
041
_a
eng
080
_a
370
100
_a
48
101
_a
EDU
245
_a
Becoming A Strategic Thinker
_c
Jamaes,W
942
_2
udc
_c
BK
999
_c
51970
_d
51970